000 00482cab a2200193 4500
001 X2174
008 090401t1995 xxu||||| |||| 00| 0 eng d
035 _a(Sirsi) u22301
041 _aeng
245 _aNational forest company
260 _c1995
350 _a0
490 _aCSM (Chartered Surveyor Monthly)
_v4(6) April 1995, 9(1)
650 _aNATIONAL FOREST COMPANY BOARD
650 _aNATIONAL FOREST
690 _aRURAL PRACTICE
942 _n0
948 _c04/03/1997
999 _c14940
_d14940